| 000 | 01118njm a22002777a 4500 | ||
|---|---|---|---|
| 005 | 20100917115420.0 | ||
| 006 | a|||||r|||||00| 0 | ||
| 007 | sd ammalaaahaa | ||
| 008 | 100907t xxu||||| |||| 00| 0 eng d | ||
| 028 |
_aPEALP. 2005 _bHis Master's Voice |
||
| 035 | _aGR-03356 | ||
| 100 |
_aMohd Rafi _918693 |
||
| 245 |
_aHum Kissise Kum Naheen / _cby Mohd Rafi ; music by Rahul Dev Burman ; lyric by Majrooj _h[Sound recording] |
||
| 246 | _aहम किस्सिसे कम नहीं / | ||
| 260 |
_aDum Dum, India _bHis Master's Voice _c1977 |
||
| 300 |
_a1 sound disc [Gramophone Recording] _banalog, 33 1/3rpm ; _c12 in. (LP) _fGramaphone Records |
||
| 500 | _aBrief record | ||
| 500 | _aRecord lables : His Master's Voice, Red | ||
| 505 | _aSide-1 (Chand Mera Dil) (Mohd Rafi),--Side-2 (Bachna Ae Haseeno) (Kishore Kumar) | ||
| 600 | _2Mohd Rafi | ||
| 650 |
_aClassicals Music _xExcerpts _zIndia _918694 |
||
| 700 |
_a Burman, Rahul Dev _920482 |
||
| 700 |
_aMajrooj _920483 |
||
| 942 |
_2ddc _cGR |
||
| 999 |
_c46421 _d46421 |
||